000 00445nam a2200169Ia 4500
008 090711s9999 xx 000 0 und d
082 _b26617
100 _aटकले द. शि.
245 _aडॉ हाफकिन
260 _c1966
300 _a73
600 _aटकले द. शि.
630 _aडॉ हाफकिन
700 _aटकले द. शि.
730 _aडॉ हाफकिन
942 _cBOOK
999 _c322164
_d322164